Vzory právnych podaní a zmlúv s komentárom aktualizácia č. 33

Podrobná bibliografia
Korporatívny autor: Slovensko (Autor)
Médium: Kniha
Jazyk:slovenčina
Fyzický popis:55 s. 21 cm
Vydavateľské údaje: Žilina Systém ekonomických a právnych informácií [2003]
ISBN:808896105X
Vydanie:[1. vyd.]
Edícia:Praktik
Predmet:

MARC

LEADER 00000nam a2200000 a 4500
001 vtls001465797
003 SK-MaSNL
005 20260301073452.0
008 240226s2003 xo r slo
015 |a SNBI2004/01-00127 
020 |a 808896105X 
035 |a SNK000421102 
035 |a urn:nbn:sk:snk-am3h561 
035 |a urn:nbn:sk:snk-am0081fg 
035 |a 7240EE62-3D8B-4733-863E-D4FFEE73F7D5 
040 |a SNK  |b slo  |c SNK  |e AACR2 
041 0 |a slo 
043 |a e-xo--- 
044 |a xo  |c SK 
072 7 |a 347  |2 konspekt 
080 |a 347.4  |2 1981 
080 |a 347.931  |2 1981 
080 |a (437.6)  |2 1981 
080 |a (094.5)  |2 1981 
080 |a (048.8)  |2 1981 
110 1 |a Slovensko  |4 aut  |9 266955 
245 1 0 |a Vzory právnych podaní a zmlúv s komentárom  |b aktualizácia č. 33 
250 |a [1. vyd.] 
260 |a Žilina  |b Systém ekonomických a právnych informácií  |c [2003] 
300 |a 55 s.  |c 21 cm 
490 1 |a Praktik 
500 |a Voľné listy zopnuté páskou 
505 0 |a Obsahuje aktualizáciu, ktorej obsahom sú nové vzory právnych podaní a zmlúv v I. časti Občianske právo a VII. časti Správne právo 
650 0 7 |a právne zmluvy  |2 SNK  |9 4612 
650 0 7 |a právne podania  |2 SNK  |9 67845 
650 0 7 |a právo občianske  |x zmluvy  |x podania právne  |x pokyny  |x príručky  |2 SNK  |9 394575 
650 0 7 |a právo správne  |x zmluvy  |x podania právne  |x pokyny  |x príručky  |2 SNK  |9 394576 
650 0 7 |a súkromné právo  |2 konspekt  |9 2244 
655 7 |a pokyny  |2 SNK  |9 70685 
655 7 |a zákony  |2 SNK  |9 70186 
655 7 |a právne predpisy  |2 SNK  |9 70481 
655 7 |a prehľady  |2 SNK  |9 70194 
830 0 |a Praktik  |9 295514 
919 |a 80-88961-05-X 
999 |c 644337  |d 646267 
952 |t P60, <03>, [BOOK], {603}  |a SNK  |b SNK  |y PREZ  |7 0  |p 17A0408332  |o snkSC 89994/príl.33  |i snkKSP 249/2004  |0 0  |1 0  |4 0  |d 2004-01-08  |f 1  |l 0  |r 2025-09-09 00:00:00  |w 2026-02-23 
952 |a SNK  |b SNK  |y VYP  |7 0  |p 17A0408333  |o snkSC 89994/príl.33 D1  |i snkKSP 250/2004  |8 0  |0 0  |1 0  |4 0  |d 2004-01-08  |l 0  |r 2005-01-02 00:00:00  |w 2026-02-23